00497nam a2200193 a 4500001001300000003000900013005001700022008004100039020002300080082001600103100002400119245001700143260003600160300000900196500003500205505001000240650002900250700002400279nice12345678IN_TiNIC20260116014606.0050524s2004 newa grp 000 0 eng  a8173041 c79500a954.75bTAM aTambs-Lyche, Harald aGood Country aNew Delhi bManohar Pub. c2004 a354p aincludes index and biblioraphy2 aNotes aIndia-History Saurashtra1 aTambs-Lyche, Harald